A Magánélettan oktatása

Elmentve itt :
Bibliográfiai részletek
Szerző: Bácskai Júlia
Dokumentumtípus: Cikk
Megjelent: 1998
Sorozat:Iskolakultúra 8 No. 11
Online Access:http://misc.bibl.u-szeged.hu/40610
LEADER 00552nab a2200169 i 4500
001 misc40610
005 20191106140950.0
008 180709s1998 hu o 0|| zxx d
022 |a 1215-5233 
040 |a SZTE Miscellanea Repozitórium  |b hun 
041 |a zxx 
100 1 |a Bácskai Júlia 
245 1 2 |a A Magánélettan oktatása  |h [elektronikus dokumentum] /  |c  Bácskai Júlia 
260 |c 1998 
300 |a 87-94 
490 0 |a Iskolakultúra  |v 8 No. 11 
856 4 0 |u http://misc.bibl.u-szeged.hu/40610/1/EPA00011_iskolakultura_1998_11_087-094.pdf  |z Dokumentum-elérés